| 000 | 00754na a2200265 4500 | ||
|---|---|---|---|
| 001 | 13061 | ||
| 003 | MIRAKIL | ||
| 005 | 20181213154732.0 | ||
| 008 | 160930b tu 000 0 | ||
| 040 |
_aMilas _btur _cTR-AnCHP |
||
| 041 | _atur | ||
| 082 |
_a303.625 _bA87k [1992] |
||
| 090 | _a303.625 A87k [1992] | ||
| 100 | _a Avşar, Bozkurt Zakir | ||
| 245 |
_aKitle iletişim araçları ve terör _cBozkurt Zakir Avşar |
||
| 246 | _aTerör | ||
| 260 |
_aİstanbul _bKamer Yayınları _c[1992] |
||
| 300 |
_a88 s. _c20 sm. |
||
| 504 | _aKaynakça var. | ||
| 650 |
_aTerörizm, Kitle iletişim araçlarında _zTürkiye |
||
| 650 |
_aTerörizm ve medya _zTürkiye |
||
| 650 | _xÇatışmalar | ||
| 650 |
_aTerörizm _zTürkiye |
||
| 942 |
_2ddc _cBKS |
||
| 999 |
_c66 _d66 |
||